[Event "Broadstairs op"]
[Site "Broadstairs"]
[Date "2002.08.18"]
[Round "5"]
[White "Hunt, Harriet"]
[Black "Tsesarsky, Ilya"]
[Result "1/2-1/2"]
[WhiteElo "2404"]
[BlackElo "2416"]
[PlyCount "137"]
[EventDate "2002.08.17"]
[EventType "swiss"]
[EventRounds "5"]
[EventCountry "ENG"]
[SourceTitle "CBM 090"]
[Source "ChessBase"]
[SourceDate "2002.09.20"]
[SourceVersion "1"]
[SourceVersionDate "2002.09.20"]
[SourceQuality "1"]

1. e4 c5 2. Nf3 Nc6 3. Bb5 e6 4. 0-0 Nge7 5. b3 Ng6 6. Bb2 f6 7. Re1 Bd6 8. c3 0-0 9. d4 a6 10. Bf1 Qc7 11. g3 cxd4 12. cxd4 b5 13. a4 bxa4 14. Rxa4 Bb7 15. Nbd2 Nb4 16. Nc4 Bc6 17. Ra1 Be7 18. Rc1 a5 19. h4 Qb7 20. Nfd2 Nh8 21. Qh5 g6 22. Qe2 Rfe8 23. Ne3 Rab8 24. Ng4 h5 25. d5 Bb5 26. Qxb5 Qxb5 27. Bxb5 Rxb5 28. Nxf6+ Bxf6 29. Bxf6 Nd3 30. dxe6 dxe6 31. Red1 Nxc1 32. Rxc1 Nf7 33. Rc7 e5 34. f4 a4 35. bxa4 Rb6 36. Be7 Rb2 37. Nf3 Reb8 38. Bf6 Ra2 39. Rc1 exf4 40. gxf4 Rxa4 41. Nd2 Ra2 42. Nf3 Re2 43. e5 Re4 44. Ng5 Nxg5 45. Bxg5 Kf7 46. Kf2 Ra4 47. Rc6 Rb2+ 48. Ke3 Rb3+ 49. Kd2 Ra2+ 50. Rc2 Ra6 51. Rc3 Rb7 52. Rc8 Ke6 53. Kc3 Kd5 54. Rd8+ Ke4 55. Rd4+ Kf5 56. Rd8 Rb1 57. Kc4 Rc1+ 58. Kb5 Ra2 59. Rd4 Ra8 60. Kb6 Rb8+ 61. Ka7 Rb3 62. Rd6 Ra1+ 63. Ra6 Rxa6+ 64. Kxa6 Ke6 65. Ka5 Kd5 66. Ka4 Kc4 67. Ka5 Kc5 68. Ka4 Rf3 69. Bh6 1/2-1/2

[Event "Broadstairs op"]
[Site "Broadstairs"]
[Date "2002.08.18"]
[Round "4"]
[White "Tsesarsky, Ilya"]
[Black "Hunt, Adam"]
[Result "1/2-1/2"]
[WhiteElo "2416"]
[BlackElo "2365"]
[PlyCount "89"]
[EventDate "2002.08.17"]
[EventType "swiss"]
[EventRounds "5"]
[EventCountry "ENG"]
[SourceTitle "CBM 090"]
[Source "ChessBase"]
[SourceDate "2002.09.20"]
[SourceVersion "1"]
[SourceVersionDate "2002.09.20"]
[SourceQuality "1"]

1. Nf3 Nf6 2. c4 g6 3. Nc3 Bg7 4. e4 d6 5. d4 0-0 6. Be2 e5 7. 0-0 Nc6 8. d5 Ne7 9. Nd2 c5 10. Rb1 a5 11. a3 Ne8 12. b4 axb4 13. axb4 b6 14. bxc5 bxc5 15. Nb3 f5 16. f3 f4 17. Bd2 g5 18. Ra1 Rxa1 19. Qxa1 h5 20. Qa5 Qd7 21. Qb6 Bf6 22. Ra1 Ng6 23. Nb5 Bd8 24. Qb8 Bc7 25. Nxc7 Qxc7 26. Ra8 Qxb8 27. Rxb8 Bd7 28. Rb6 Ne7 29. Na5 Nc8 30. Rb7 Nf6 31. Nc6 Rf7 32. Ba5 Kg7 33. Bd1 g4 34. Nd8 Re7 35. Rb8 gxf3 36. gxf3 Re8 37. Kf2 Kf8 38. Rb7 Re7 39. Nc6 Rg7 40. Rb8 Bh3 41. Be2 Rg2+ 42. Ke1 Ne8 43. Nd8 Ne7 44. Nb7 Nc8 45. Nd8 1/2-1/2

[Event "Mordechay Porat Memorial"]
[Site "Rehovot"]
[Date "2001.11.23"]
[Round "3"]
[White "Mikhalevski, Victor"]
[Black "Tsesarsky, Ilya"]
[Result "1/2-1/2"]
[WhiteElo "2501"]
[BlackElo "2442"]
[PlyCount "110"]
[EventDate "2001.11.23"]
[EventType "swiss"]
[EventRounds "5"]
[EventCountry "ISR"]
[SourceTitle "CBM 086"]
[Source "ChessBase"]
[SourceDate "2002.02.05"]
[SourceVersion "1"]
[SourceVersionDate "2002.02.05"]
[SourceQuality "1"]

1. d4 Nf6 2. c4 e6 3. g3 d5 4. Bg2 Be7 5. Nf3 0-0 6. 0-0 dxc4 7. Qc2 a6 8. a4 Bd7 9. Qxc4 Bc6 10. Bg5 Bd5 11. Qc2 Be4 12. Qc1 Nc6 13. Rd1 h6 14. Bf4 Bxf3 15. Bxf3 Nxd4 16. Kg2 c5 17. e3 Nb3 18. Rxd8 Nxc1 19. Rxa8 Rxa8 20. Bxb7 Ra7 21. Bc6 Nb3 22. Bb8 Rd7 23. Bxd7 Nxd7 24. Ra3 c4 25. Bc7 Bxa3 26. Nxa3 Ndc5 27. Nxc4 Nxa4 28. Kf3 f6 29. g4 g5 30. Ke2 Kf7 31. Kd3 Kg6 32. Bd6 h5 33. h3 Nbc5+ 34. Bxc5 Nxc5+ 35. Kd4 Nb3+ 36. Kc3 Nc1 37. Kd2 Nb3+ 38. Kc2 Nc5 39. f3 f5 40. b4 Nd7 41. Kd3 hxg4 42. hxg4 Kf6 43. Kc3 Ne5 44. Nxe5 Kxe5 45. Kd3 fxg4 46. fxg4 Kd5 47. e4+ Ke5 48. Ke3 Kd6 49. Kd4 e5+ 50. Kd3 Kd7 51. Kc2 Kc6 52. Kc3 Kb6 53. Kb2 Kc7 54. Ka3 Kb7 55. Kb3 Kc7 1/2-1/2

[Event "Eilat GP "]
[Site "Eilat"]
[Date "2001.11.17"]
[Round "5"]
[White "Tsesarsky, Ilya"]
[Black "Zak, Uriel"]
[Result "1-0"]
[WhiteElo "2442"]
[BlackElo "2335"]
[PlyCount "77"]
[EventDate "2001.11.15"]
[EventType "swiss"]
[EventRounds "5"]
[EventCountry "ISR"]
[SourceTitle "CBM 086"]
[Source "ChessBase"]
[SourceDate "2002.02.05"]
[SourceVersion "1"]
[SourceVersionDate "2002.02.05"]
[SourceQuality "1"]

1. Nf3 c5 2. c4 g6 3. e4 Bg7 4. d4 Qb6 5. dxc5 Qxc5 6. Nc3 Bxc3+ 7. bxc3 d6 8. Qd4 Qxd4 9. cxd4 f5 10. e5 dxe5 11. Nxe5 Nd7 12. Nxd7 Bxd7 13. Be2 Nf6 14. Bb2 Kf7 15. f3 Rhc8 16. Kd2 b5 17. cxb5 Bxb5 18. Bxb5 Rab8 19. a4 a6 20. Rhc1 Rxc1 21. Bxc1 axb5 22. Rb1 b4 23. Kc2 Nd5 24. Bd2 Kf6 25. Kb3 e5 26. dxe5+ Kxe5 27. Rc1 Kd4 28. Rd1 Ke5 29. h4 Ra8 30. Ra1 Kd4 31. a5 Kd3 32. Bxb4 Ke2 33. Ra2+ Kf1 34. Bc5 Nf4 35. g4 Nd3 36. Kc4 Ne5+ 37. Kd5 Nd3 38. gxf5 gxf5 39. a6 1-0

[Event "Eilat GP "]
[Site "Eilat"]
[Date "2001.11.16"]
[Round "2"]
[White "Finkel, Alexander"]
[Black "Tsesarsky, Ilya"]
[Result "1-0"]
[WhiteElo "2485"]
[BlackElo "2442"]
[PlyCount "89"]
[EventDate "2001.11.15"]
[EventType "swiss"]
[EventRounds "5"]
[EventCountry "ISR"]
[SourceTitle "CBM 086"]
[Source "ChessBase"]
[SourceDate "2002.02.05"]
[SourceVersion "1"]
[SourceVersionDate "2002.02.05"]
[SourceQuality "1"]

1. e4 c5 2. c3 Nf6 3. e5 Nd5 4. Nf3 Nc6 5. Bc4 Nb6 6. Bb3 d5 7. exd6 Qxd6 8. 0-0 Be6 9. Na3 Bxb3 10. axb3 Qd3 11. Re1 e6 12. Re3 Qd7 13. Nc4 Nd5 14. Re1 Be7 15. d4 cxd4 16. Nfe5 Qc7 17. Nxc6 Qxc6 18. Qxd4 0-0 19. Qg4 Nf6 20. Qg3 Qb5 21. Bh6 Ne8 22. Ne5 f6 23. c4 Qb4 24. Nd3 Qd6 25. Nf4 e5 26. Nd5 Rf7 27. Be3 a6 28. f4 exf4 29. Bxf4 Qc5+ 30. Kh1 Bf8 31. b4 Qa7 32. b5 Rd8 33. b6 Qa8 34. Bc7 Rdd7 35. Re6 Qc8 36. Rae1 Nxc7 37. bxc7 Rxc7 38. Nxc7 Qxc7 39. Qd3 Rd7 40. Qe4 a5 41. b3 h6 42. g3 Qc5 43. Re8 Qd6 44. Kg2 Kf7 45. Rxf8+ 1-0

[Event "Eilat GP "]
[Site "Eilat"]
[Date "2001.11.16"]
[Round "3"]
[White "Tsesarsky, Ilya"]
[Black "Tseitlin, Mark D"]
[Result "0-1"]
[WhiteElo "2442"]
[BlackElo "2509"]
[PlyCount "48"]
[EventDate "2001.11.15"]
[EventType "swiss"]
[EventRounds "5"]
[EventCountry "ISR"]
[SourceTitle "CBM 086"]
[Source "ChessBase"]
[SourceDate "2002.02.05"]
[SourceVersion "1"]
[SourceVersionDate "2002.02.05"]
[SourceQuality "1"]

1. Nf3 g6 2. e4 Bg7 3. d4 d6 4. c4 Bg4 5. Nc3 Bxf3 6. gxf3 Nc6 7. d5 Nd4 8. Be3 c5 9. dxc6 Nxc6 10. Qd2 Rc8 11. f4 Nf6 12. Bh3 e6 13. Rd1 0-0 14. Qxd6 Qa5 15. Qc5 Nh5 16. Bg4 Nxf4 17. Qxa5 Ng2+ 18. Ke2 Nxa5 19. Bc1 Nxc4 20. Nd5 exd5 21. Bxc8 Rxc8 22. b3 Nd6 23. Kf3 Nh4+ 24. Kg4 Nxe4 0-1

[Event "Kfar Sava GP1"]
[Site "Kfar Sava"]
[Date "2001.08.03"]
[Round "2"]
[White "Gruenfeld, Yehuda"]
[Black "Tsesarsky, Ilya"]
[Result "1-0"]
[WhiteElo "2520"]
[BlackElo "2450"]
[PlyCount "115"]
[EventDate "2001.08.??"]
[EventType "swiss"]
[EventRounds "5"]
[EventCountry "ISR"]
[SourceTitle "CBM 084"]
[Source "ChessBase"]
[SourceDate "2001.09.13"]
[SourceVersion "1"]
[SourceVersionDate "2001.09.13"]
[SourceQuality "1"]

1. e4 c5 2. Nf3 Nc6 3. Nc3 e6 4. d4 cxd4 5. Nxd4 Qc7 6. g3 a6 7. Bg2 Nge7 8. Nb3 Ng6 9. f4 Bb4 10. Be3 f6 11. Qd3 0-0 12. a3 Be7 13. Na4 b5 14. Nb6 Rb8 15. Nxc8 Rfxc8 16. 0-0 Nf8 17. Rf2 Nd8 18. Rd1 Nb7 19. h4 Nc5 20. Nxc5 Bxc5 21. Bxc5 Qxc5 22. c3 Rb6 23. Qd4 Qxd4 24. Rxd4 Kf7 25. Rfd2 Ke7 26. Kf2 d6 27. Bh3 Nd7 28. Re2 a5 29. Bf1 b4 30. cxb4 axb4 31. a4 e5 32. a5 Rbb8 33. Rd1 Nc5 34. Re3 Na4 35. Ra1 Nxb2 36. a6 Nc4 37. a7 Ra8 38. Rb3 Na3 39. Rxb4 Rxa7 40. Rb3 Rca8 41. Rc1 g6 42. Rcc3 Kf8 43. Bd3 Ke7 44. Ke3 Ke6 45. f5+ Kf7 46. g4 Kg7 47. Rb6 Rd8 48. Rbb3 Rda8 49. Kd2 gxf5 50. gxf5 Kh6 51. Kc1 Ra4 52. Kb2 d5 53. exd5 e4 54. Be2 R8a5 55. d6 Rxf5 56. Rxa3 Rd4 57. Ra6 Rf2 58. Rc2 1-0

[Event "Rishon Le Ziyyon GP"]
[Site "Rishon Le Ziyyon"]
[Date "2001.06.23"]
[Round "?"]
[White "Tsesarsky, Ilya"]
[Black "Zoler, Dan"]
[Result "0-1"]
[WhiteElo "2450"]
[BlackElo "2487"]
[PlyCount "60"]
[EventDate "2001.06.??"]
[EventType "rapid"]
[EventRounds "5"]
[EventCountry "ISR"]
[SourceTitle "CBM 083"]
[Source "ChessBase"]
[SourceDate "2001.07.05"]
[SourceVersion "1"]
[SourceVersionDate "2001.07.05"]
[SourceQuality "1"]

1. Nf3 d6 2. d4 Nf6 3. c4 Nbd7 4. Nc3 e5 5. e4 Be7 6. Be2 0-0 7. 0-0 c6 8. Re1 Re8 9. Rb1 a5 10. Bf1 Qc7 11. a3 Nf8 12. h3 Ng6 13. b4 axb4 14. axb4 exd4 15. Nxd4 Bd7 16. Be3 h6 17. g3 Bf8 18. Bg2 Qc8 19. Kh2 Ne5 20. Bf1 Ra3 21. Rc1 Rxc3 22. Rxc3 Nxe4 23. Rb3 c5 24. Nb5 Bxb5 25. cxb5 c4 26. Ra3 d5 27. Bg2 Bxb4 28. Qxd5 Nf6 29. Qxb7 Qxb7 30. Bxb7 Bxe1 0-1

[Event "Kfar Sava GP"]
[Site "Kfar Sava"]
[Date "2001.06.09"]
[Round "7"]
[White "Tsesarsky, Ilya"]
[Black "Zoler, Dan"]
[Result "0-1"]
[WhiteElo "2450"]
[BlackElo "2487"]
[PlyCount "80"]
[EventDate "2001.06.??"]
[EventType "rapid"]
[EventRounds "9"]
[EventCountry "ISR"]
[SourceTitle "CBM 083"]
[Source "ChessBase"]
[SourceDate "2001.07.05"]
[SourceVersion "1"]
[SourceVersionDate "2001.07.05"]
[SourceQuality "1"]

1. Nf3 d5 2. d4 Nf6 3. c4 e6 4. Nc3 c6 5. e3 Nbd7 6. Qc2 Bd6 7. Bd3 0-0 8. 0-0 Qe7 9. c5 Bc7 10. e4 dxe4 11. Nxe4 Nxe4 12. Bxe4 f5 13. Bd3 e5 14. Bg5 Qe8 15. Bxf5 Rxf5 16. Qxf5 e4 17. Ne5 Nxe5 18. Qxe4 Qg6 19. Qxg6 Nxg6 20. Rfe1 h6 21. Bd8 Bf4 22. Ba5 Kf7 23. g3 Bg5 24. Rad1 Be6 25. b3 Bd5 26. f4 Bf6 27. Bc7 Ne7 28. Be5 h5 29. Rd2 Rd8 30. Kf2 Rd7 31. h3 Be6 32. Kg2 Nf5 33. g4 hxg4 34. hxg4 Nxd4 35. Kg3 Bh4+ 36. Kxh4 Nf3+ 37. Kg3 Nxd2 38. Bd6 Bd5 39. f5 Ne4+ 40. Kf4 Nxd6 0-1

[Event "ISR-chT"]
[Site "Israel"]
[Date "2001.05.18"]
[Round "10"]
[White "Avrukh, Boris"]
[Black "Tsesarsky, Ilya"]
[Result "1/2-1/2"]
[WhiteElo "2630"]
[BlackElo "2450"]
[PlyCount "75"]
[EventDate "2001.02.??"]
[EventType "team"]
[EventRounds "11"]
[EventCountry "ISR"]
[SourceTitle "CBM 083"]
[Source "ChessBase"]
[SourceDate "2001.07.05"]
[SourceVersion "1"]
[SourceVersionDate "2001.07.05"]
[SourceQuality "1"]

1. d4 Nf6 2. c4 e6 3. Nc3 Bb4 4. e3 b6 5. Nge2 Ne4 6. Bd2 Nxd2 7. Qxd2 Ba6 8. a3 Be7 9. Ng3 c6 10. d5 cxd5 11. cxd5 Bxf1 12. Rxf1 0-0 13. Rc1 a6 14. Ke2 b5 15. Rfd1 b4 16. axb4 Bxb4 17. Qd4 a5 18. dxe6 fxe6 19. Nb5 Na6 20. f4 Qh4 21. Nc7 Nxc7 22. Rxc7 Qg4+ 23. Kf2 d6 24. Ne4 e5 25. Qd5+ Kh8 26. Kg1 exf4 27. Ng5 h6 28. Nf7+ Kh7 29. exf4 Bc5+ 30. Kh1 Rae8 31. Qd3+ Qg6 32. Qxg6+ Kxg6 33. Nxd6 Bxd6 34. Rxd6+ Rf6 35. Rxf6+ Kxf6 36. h3 Rb8 37. Rc5 Rxb2 38. Rxa5 1/2-1/2

[Event "ISR-chT"]
[Site "Israel"]
[Date "2001.03.23"]
[Round "6"]
[White "Lev, Ronen"]
[Black "Tsesarsky, Ilya"]
[Result "1-0"]
[WhiteElo "2450"]
[BlackElo "2450"]
[PlyCount "127"]
[EventDate "2001.02.??"]
[EventType "team"]
[EventRounds "11"]
[EventCountry "ISR"]
[SourceTitle "CBM 082"]
[Source "ChessBase"]
[SourceDate "2001.05.17"]
[SourceVersion "1"]
[SourceVersionDate "2001.05.17"]
[SourceQuality "1"]

1. d4 Nf6 2. c4 e6 3. Nc3 Bb4 4. Qc2 0-0 5. a3 Bxc3+ 6. Qxc3 Ne4 7. Qc2 f5 8. Nh3 b6 9. f3 Nd6 10. Bg5 Qe8 11. Bf4 Nc6 12. Rd1 e5 13. dxe5 Nxe5 14. c5 Ndf7 15. cxb6 axb6 16. Qxc7 Ba6 17. e3 Bxf1 18. Rxf1 Rc8 19. Qxb6 Rc6 20. Qb3 Nc4 21. Rf2 Qe6 22. Re2 h6 23. Qd3 g5 24. Bg3 Re8 25. e4 f4 26. Bf2 Nce5 27. Qd5 Nxf3+ 28. gxf3 Qxh3 29. e5 Rce6 30. Bd4 d6 31. Bc3 dxe5 32. Qe4 g4 33. fxg4 Ng5 34. Qg2 Qh4+ 35. Qf2 Qxg4 36. Qg2 Qh4+ 37. Qf2 Qh5 38. Rd5 Nf3+ 39. Kd1 Rg6 40. Kc2 Qf5+ 41. Kb3 Qf7 42. Qxf3 e4 43. Qh5 f3 44. Red2 e3 45. R2d4 f2 46. Rf4 Qe6 47. Qf5 Qxf5 48. Rdxf5 Rd8 49. a4 Rg1 50. a5 Rd3 51. a6 Rxc3+ 52. bxc3 e2 53. a7 Rb1+ 54. Ka2 Ra1+ 55. Kxa1 e1Q+ 56. Kb2 Qd2+ 57. Kb3 Qd1+ 58. Kc4 Qa4+ 59. Kd3 Qd1+ 60. Ke3 Qe1+ 61. Kd4 Qd2+ 62. Kc4 Qa2+ 63. Kd3 Qxa7 64. Rxf2 1-0

[Event "ISR-ch sf"]
[Site "Ramat Aviv"]
[Date "2000.08.??"]
[Round "?"]
[White "Tsesarsky, Ilya"]
[Black "Huzman, Alexander"]
[Result "0-1"]
[WhiteElo "2489"]
[BlackElo "2574"]
[PlyCount "94"]
[EventDate "2000.08.16"]
[EventType "swiss"]
[EventRounds "9"]
[EventCountry "ISR"]
[SourceTitle "CBM 078"]
[Source "ChessBase"]
[SourceDate "2000.10.18"]
[SourceVersion "1"]
[SourceVersionDate "2000.10.18"]
[SourceQuality "1"]

1. Nf3 Nf6 2. c4 e6 3. Nc3 Bb4 4. g3 0-0 5. Bg2 d5 6. a3 Bxc3 7. dxc3 Nbd7 8. cxd5 exd5 9. 0-0 Re8 10. Qc2 Qe7 11. Re1 Ne4 12. Nd2 Ndf6 13. Nxe4 Nxe4 14. Be3 Bf5 15. Qb3 c6 16. c4 Be6 17. Qc2 Bf5 18. Qa4 Be6 19. Qc2 Bf5 20. Qa4 Be6 21. Rac1 f5 22. cxd5 Bxd5 23. Red1 Qf7 24. Rd3 Nf6 25. Bxd5 Nxd5 26. Qb3 Re6 27. Rc2 a6 28. Bc5 Rae8 29. e3 Re4 30. Rc4 h5 31. f3 R4e6 32. Kf2 b6 33. Bxb6 Rb8 34. Rxd5 cxd5 35. Rb4 Rc6 36. Bd4 Rxb4 37. Qxb4 Rc2+ 38. Kg1 Qc7 39. Qa4 Rc1+ 40. Kg2 Qc2+ 41. Qxc2 Rxc2+ 42. Kh3 g5 43. g4 hxg4+ 44. fxg4 f4 45. exf4 Rc4 46. Be5 gxf4 47. Kg2 Re4 0-1

[Event "ISR-ch sf"]
[Site "Ramat Aviv"]
[Date "2000.08.??"]
[Round "?"]
[White "Tsesarsky, Ilya"]
[Black "Zaltz, Dov"]
[Result "1-0"]
[WhiteElo "2489"]
[BlackElo "2290"]
[PlyCount "107"]
[EventDate "2000.08.16"]
[EventType "swiss"]
[EventRounds "9"]
[EventCountry "ISR"]
[SourceTitle "CBM 078"]
[Source "ChessBase"]
[SourceDate "2000.10.18"]
[SourceVersion "1"]
[SourceVersionDate "2000.10.18"]
[SourceQuality "1"]

1. Nf3 Nf6 2. c4 g6 3. Nc3 Bg7 4. e4 d6 5. d4 0-0 6. Be2 e5 7. d5 a5 8. Nd2 Na6 9. h4 Nc5 10. h5 Nxh5 11. Bxh5 Nd3+ 12. Kf1 gxh5 13. Qxh5 h6 14. Nf3 Nxc1 15. Rxc1 f5 16. Nh4 fxe4 17. Nxe4 Rf4 18. Re1 Bd7 19. g3 Rf8 20. Re3 a4 21. Kg2 b6 22. Rc1 Qc8 23. Ng6 Rf7 24. Rh1 Bg4 25. Qh4 Qd7 26. f3 Bf5 27. Qh5 b5 28. g4 Bxe4 29. Rxe4 bxc4 30. Nh4 Raf8 31. g5 Rf5 32. Nxf5 Rxf5 33. Rg4 Qb5 34. gxh6 Qxb2+ 35. Kg3 Rxh5 36. Rxh5 Qc1 37. Kh2 Qd2+ 38. Rg2 Qf4+ 39. Rg3 Qd2+ 40. Kh3 Qd1 41. Rxg7+ Kh8 42. Rf5 Qh1+ 43. Kg4 Qg2+ 44. Kh5 Qh3+ 45. Kg6 Qg3+ 46. Kf7 Qh3 47. Rg8+ Kh7 48. Rg7+ Kh8 49. Rf6 c3 50. Rg8+ Kh7 51. Rg7+ Kh8 52. Ke8 Qc8+ 53. Ke7 c2 54. Rff7 1-0

[Event "Cherniak Memorial"]
[Site "Ramat Aviv"]
[Date "2000.04.25"]
[Round "5"]
[White "Tsesarsky, Ilya"]
[Black "Zilberman, Yaacov"]
[Result "1/2-1/2"]
[WhiteElo "2458"]
[BlackElo "2505"]
[PlyCount "41"]
[EventDate "2000.04.??"]
[EventType "tourn"]
[EventRounds "5"]
[EventCountry "ISR"]
[SourceTitle "CBM 076"]
[Source "ChessBase"]
[SourceDate "2000.05.31"]
[SourceVersion "1"]
[SourceVersionDate "2000.05.31"]
[SourceQuality "1"]

1. Nf3 d5 2. d4 Nf6 3. c4 dxc4 4. e3 e6 5. Bxc4 c5 6. 0-0 a6 7. Bb3 cxd4 8. exd4 Nc6 9. Nc3 Be7 10. Re1 0-0 11. a3 b5 12. d5 Nxd5 13. Nxd5 exd5 14. Bxd5 Bb7 15. Bf4 Bf6 16. Rc1 Rc8 17. b4 Ba8 18. Rc5 Nd4 19. Rxc8 Nxf3+ 20. Qxf3 Qxc8 21. Rc1 1/2-1/2

[Event "Cherniak Memorial"]
[Site "Ramat Aviv"]
[Date "2000.04.24"]
[Round "4"]
[White "Tyomkin, Dimitri"]
[Black "Tsesarsky, Ilya"]
[Result "1-0"]
[WhiteElo "2516"]
[BlackElo "2458"]
[PlyCount "107"]
[EventDate "2000.04.??"]
[EventType "tourn"]
[EventRounds "5"]
[EventCountry "ISR"]
[SourceTitle "CBM 076"]
[Source "ChessBase"]
[SourceDate "2000.05.31"]
[SourceVersion "1"]
[SourceVersionDate "2000.05.31"]
[SourceQuality "1"]

1. d4 Nf6 2. Bg5 e6 3. e4 h6 4. Bxf6 Qxf6 5. Nc3 d6 6. Qd2 g5 7. h4 Bg7 8. hxg5 hxg5 9. Rxh8+ Bxh8 10. 0-0-0 Nc6 11. Nf3 Qf4 12. Qxf4 gxf4 13. Bb5 Bd7 14. Ne2 e5 15. Rh1 0-0-0 16. d5 Ne7 17. Bxd7+ Kxd7 18. Ng5 Bf6 19. Nxf7 Rg8 20. Rh6 Ng6 21. Rh7 Nf8 22. Rh2 Rg6 23. Ng1 Ke8 24. Nh6 Bg5 25. Nf5 f3+ 26. Kd1 fxg2 27. Rxg2 Bf4 28. Ng7+ Kf7 29. Rxg6 Kxg6 30. Ne8 Kf7 31. Nxc7 a6 32. Ne2 Bg5 33. Ne6 Nxe6 34. dxe6+ Kxe6 35. Nc3 Kd7 36. Ke2 Bd8 37. Nd5 Kc6 38. Kd3 Bh4 39. f3 Bg5 40. Kc4 b5+ 41. Kb4 Bd8 42. a4 a5+ 43. Kb3 Kc5 44. axb5 Kxb5 45. Nc3+ Kc5 46. Ka4 Kc4 47. Nd5 Kc5 48. b3 Kc6 49. Ne3 Bc7 50. Nc4 d5 51. exd5+ Kxd5 52. Nxa5 Ke6 53. Nc4 Bb8 54. Kb5 1-0

[Event "ISR-chT"]
[Site "Ramat Aviv"]
[Date "2000.03.17"]
[Round "6.2"]
[White "Tsesarsky, Ilya"]
[Black "Gershon, Alik"]
[Result "0-1"]
[WhiteElo "2458"]
[BlackElo "2471"]
[PlyCount "57"]
[EventDate "2000.01.14"]
[EventType "team"]
[EventRounds "11"]
[EventCountry "ISR"]
[SourceTitle "CBM 077"]
[Source "ChessBase"]
[SourceDate "2000.07.27"]
[SourceVersion "1"]
[SourceVersionDate "2000.07.27"]
[SourceQuality "1"]
[WhiteTeam "Jerusalem Elitzur"]
[BlackTeam "Kfar Saba"]
[WhiteTeamCountry "ISR"]
[BlackTeamCountry "ISR"]

1. Nf3 c5 2. c4 Nc6 3. d4 cxd4 4. Nxd4 Nf6 5. Nc3 e6 6. g3 Qb6 7. Nb3 Ne5 8. e4 Bb4 9. Qe2 d6 10. Bd2 0-0 11. f4 Nc6 12. 0-0-0 e5 13. f5 Nd4 14. Nxd4 exd4 15. Nd5 Nxd5 16. cxd5 Re8 17. Qd3 Bd7 18. Bxb4 Qxb4 19. Bg2 Ba4 20. Rd2 Rac8+ 21. Kb1 Rc3 22. Qxd4 Rc4 23. Qe3 Rec8 24. a3 Qb5 25. Bf3 Rc3 26. Qf2 Bc2+ 27. Ka1 Qa4 28. Rxc2 Rxc2 29. Qe3 0-1

[Event "ISR-chT"]
[Site "Ramat Aviv"]
[Date "2000.03.10"]
[Round "5.2"]
[White "Polgar, Judit"]
[Black "Tsesarsky, Ilya"]
[Result "1/2-1/2"]
[WhiteElo "2658"]
[BlackElo "2458"]
[PlyCount "83"]
[EventDate "2000.01.14"]
[EventType "team"]
[EventRounds "11"]
[EventCountry "ISR"]
[SourceTitle "CBM 075"]
[Source "ChessBase"]
[SourceDate "2000.04.05"]
[SourceVersion "1"]
[SourceVersionDate "2000.04.05"]
[SourceQuality "1"]
[WhiteTeam "Rishon Le Zion Kasparov"]
[BlackTeam "Jerusalem Elitzur"]
[WhiteTeamCountry "ISR"]
[BlackTeamCountry "ISR"]

1. e4 c5 2. Nf3 Nc6 3. Bb5 e6 4. 0-0 Nge7 5. b3 Ng6 6. Bb2 f6 7. Re1 Qc7 8. Bxc6 bxc6 9. d3 d6 10. Nbd2 Be7 11. Nc4 0-0 12. Bc3 e5 13. Ba5 Qb7 14. Bd2 f5 15. Bg5 Be6 16. Na5 Qd7 17. Bxe7 Qxe7 18. b4 cxb4 19. Nxc6 Qb7 20. Na5 Qb6 21. Ng5 Nf4 22. Nxe6 Nxe6 23. Nc4 Qc5 24. exf5 Rxf5 25. Ne3 Rf4 26. f3 Nd4 27. a3 Nf5 28. axb4 Rxb4 29. c3 Rb2 30. d4 Nxe3 31. dxc5 Nxd1 32. Raxd1 dxc5 33. Rxe5 a5 34. Rd7 a4 35. Ree7 a3 36. Rxg7+ Kh8 37. Rxh7+ Kg8 38. Rhg7+ Kh8 39. Rh7+ Kg8 40. Rdg7+ Kf8 41. Rb7 Kg8 42. Rbg7+ 1/2-1/2

[Event "ISR-chT"]
[Site "Israel"]
[Date "1999.04.23"]
[Round "9"]
[White "Tsesarsky, Ilya"]
[Black "Vydeslaver, Alik"]
[Result "1-0"]
[WhiteElo "2430"]
[BlackElo "2404"]
[PlyCount "85"]
[EventDate "1999.01.??"]
[EventType "team"]
[EventRounds "11"]
[EventCountry "ISR"]
[SourceTitle "CBM 070"]
[Source "ChessBase"]
[SourceDate "1999.06.08"]
[SourceVersion "1"]
[SourceVersionDate "1999.06.08"]
[SourceQuality "1"]

1. Nf3 Nf6 2. c4 g6 3. Nc3 d5 4. Qa4+ c6 5. cxd5 Nxd5 6. Nxd5 Qxd5 7. e4 Qd8 8. d4 Bg7 9. Be3 0-0 10. Be2 Nd7 11. Rd1 Nf6 12. Qc2 Qa5+ 13. Bd2 Qb6 14. 0-0 Bg4 15. Be3 Qa5 16. b4 Qc7 17. h3 Bxf3 18. Bxf3 Qd7 19. d5 a5 20. b5 cxb5 21. e5 Ne8 22. Bf4 f6 23. e6 Qd8 24. Qb3 Nd6 25. Bxd6 Qxd6 26. Qxb5 Rfc8 27. Qxb7 Rab8 28. Qa7 f5 29. Qxa5 Rc2 30. Qa4 Rbc8 31. Rd3 Be5 32. Bd1 Rc1 33. Re1 Ra1 34. g3 Kg7 35. Kg2 Rcc1 36. Qe8 Bf6 37. Qd7 Qb4 38. d6 Qxe1 39. dxe7 Qe4+ 40. Kh2 Qxd3 41. e8N+ Kh6 42. Qxd3 Rxd1 43. Qxd1 1-0